[Event "Stay Safe Play From Home 258"]
[Site "Emanuel Lasker Arena"]
[Date "2020.06.26"]
[Round "1"]
[White "MarkonY"]
[Black "Edmatuag"]
[Result "1-0"]
[WhiteElo "2340"]
[BlackElo "1741"]
[Annotator "TA"]
[PlyCount "53"]
[EventDate "2020.06.26"]
[EventType "swiss (blitz)"]

{[%evp 18,52,38,52,85,76,108,38,113,120,102,107,119,87,98,85,85,67,66,61,220,202,173,112,671,663,647,628,775,764,836,804,1168,1164,1002,982,29999]} 1. d4 Nf6 2. c4 g6 3. Nc3 Bg7 4. e4 d6 5. f3 O-O 6. Be3 c6 7. Qd2 Nbd7 {[%cal Bb8d7,Bd7c5,Bc5a4][%mdl 32]} 8. Nge2 e5 9. d5 cxd5 10. cxd5 b6 {E89: King's Indian: Sämisch: 6...e5 7 d5 c6 8 Nge2 cxd5.} 11. g4 Nc5 12. h4 {[#]} (12. Ng3 $16) 12... Ba6 $146 ({Black should play} 12... h5 $1 $14) ({Predecessor:} 12... h5 13. gxh5 Nxh5 14. O-O-O Ba6 15. f4 exf4 16. Nxf4 Nxf4 17. Bxf4 Rc8 18. Kb1 b5 {1-0 (28) Mecit,E-De Cresce,S Dos Hermanas 2004}) 13. Ng3 $16 Bxf1 14. Kxf1 Qc8 15. b4 Qa6+ 16. Kg2 Na4 17. Nce2 Rfc8 18. h5 Qc4 $2 (18... Qb7 $14) 19. Rac1 $18 Qb5 {[#]} 20. hxg6 ({White should try} 20. Bh6 $1 $18 Bxh6 21. Qxh6 Rxc1 22. Rxc1) 20... Rxc1 $4 {[%mdl 8192]} (20... fxg6 $16 21. a3 Rab8) 21. gxh7+ ({Less strong is} 21. Rxc1 hxg6 22. Bh6 Bh8 $16) 21... Nxh7 {White must now prevent ...Rc4.} 22. Rxc1 Qd7 23. Nf5 Bf8 24. Bh6 Rc8 25. Bxf8 Rxf8 26. Qh6 {[%csl Gf5][%cal Rh6g7] [#]} Kh8 27. Qg7# {Accuracy: White = 63%, Black = 25%.} 1-0

[Event "Stay Safe Play From Home 258"]
[Site "Emanuel Lasker Arena"]
[Date "2020.06.26"]
[Round "1"]
[White "Haxhi Baha"]
[Black "Rakeshkul"]
[Result "1-0"]
[WhiteElo "2038"]
[BlackElo "1637"]
[PlyCount "59"]
[EventDate "2020.06.26"]
[EventType "swiss (blitz)"]

1. e4 {[%emt 0:00:01]} c5 {[%emt 0:00:04]} 2. Nf3 {[%emt 0:00:01]} Nc6 {[%emt 0:00:02]} 3. d4 {[%emt 0:00:01]} cxd4 {[%emt 0:00:01]} 4. Nxd4 {[%emt 0:00:00]} e5 {[%emt 0:00:01]} 5. Nb5 {[%emt 0:00:01]} d6 {[%emt 0:00:02]} 6. N1c3 {[%emt 0:00:01]} a6 {[%emt 0:00:00]} 7. Na3 {[%emt 0:00:00]} b5 {[%emt 0:00:00]} 8. Nd5 {[%emt 0:00:00]} Nce7 {[%emt 0:00:01]} 9. c4 {[%emt 0:00:02]} Nxd5 {[%emt 0:00:02]} 10. cxd5 {[%emt 0:00:06]} Nf6 {[%emt 0:00:03]} 11. Bd3 {[%emt 0:00:01]} Be7 {[%emt 0:00:01]} 12. O-O {[%emt 0:00:01]} O-O {[%emt 0:00:01]} 13. Kh1 {[%emt 0:00:01]} Bd7 {[%emt 0:00:02]} 14. Nc2 {[%emt 0:00:02]} g6 {[%emt 0:00:03]} 15. f4 {[%emt 0:00:01]} Nh5 {[%emt 0:00:02]} 16. fxe5 {[%emt 0:00:01]} dxe5 {[%emt 0:00:00]} 17. Bh6 {[%emt 0:00:07]} Ng7 {[%emt 0:00:03]} 18. Qe2 {[%emt 0:00:09]} f5 {[%emt 0:00:01]} 19. exf5 {[%emt 0:00:02]} Bg5 {[%emt 0:00:02]} 20. Bxg7 {[%emt 0:00:08]} Kxg7 {[%emt 0:00:02]} 21. fxg6 {[%emt 0:00:03]} hxg6 {[%emt 0:00:02]} 22. Qxe5+ {[%emt 0:00:04]} Bf6 {[%emt 0:00:02]} 23. Qg3 {[%emt 0:00:01]} Qe8 {[%emt 0:00:04]} 24. Rae1 {[%emt 0:00:03]} Qf7 {[%emt 0:00:01]} 25. Nd4 {[%emt 0:00:11]} Rae8 {[%emt 0:00:03]} 26. Ne6+ {[%emt 0:00:08]} Bxe6 {[%emt 0:00:02]} 27. dxe6 {[%emt 0:00:00]} Rxe6 {[%emt 0:00:14]} 28. Rxe6 {[%emt 0:00:00]} Bh4 {[%emt 0:00:02]} 29. Rxf7+ {[%emt 0:00:04]} Kxf7 {[%emt 0:00:05]} 30. Qxg6# {[%emt 0:00:01] (Lag: Av=0.85s, max=1.8s)} 1-0

[Event "Stay Safe Play From Home 258"]
[Site "Emanuel Lasker Arena"]
[Date "2020.06.26"]
[Round "1"]
[White "Dukic"]
[Black "Charlsjulian19"]
[Result "1-0"]
[WhiteElo "1932"]
[BlackElo "1559"]
[Annotator "NA"]
[PlyCount "23"]
[EventDate "2020.06.26"]
[EventType "swiss (blitz)"]

1. c4 {[%emt 0:00:08]} c5 {[%emt 0:00:28]} 2. Nc3 {[%emt 0:00:02]} Nc6 {[%emt 0:00:01]} 3. Nf3 {[%emt 0:00:01]} Nf6 {[%emt 0:00:01]} 4. d4 {[%emt 0:00:01]} g6 {[%emt 0:00:00]} 5. d5 {[%emt 0:00:02]} Nb4 {[%emt 0:00:07]} 6. e4 {[%emt 0:00:07]} e5 {[%emt 0:00:02]} 7. Nxe5 {[%emt 0:00:02]} Bd6 {[%emt 0:00:02]} 8. Nf3 {[%emt 0:00:02]} Qe7 {[%emt 0:00:02]} 9. Qe2 {[%emt 0:00:04]} a6 {[%emt 0:00:06]} 10. a3 {[%emt 0:00:03]} Nbxd5 {[%emt 0:00:15]} 11. cxd5 {[%emt 0:00:09]} b5 {[%emt 0:00:03]} 12. e5 {[%emt 0:00:01] Charlsjulian19 resigns (Lag: Av=0.80s, max=1.1s)} 1-0

[Event "Stay Safe Play From Home 258"]
[Site "Emanuel Lasker Arena"]
[Date "2020.06.26"]
[Round "1"]
[White "Timbre"]
[Black "Lazieri3"]
[Result "0-1"]
[WhiteElo "1639"]
[BlackElo "2055"]
[Annotator "NA"]
[PlyCount "62"]
[EventDate "2020.06.26"]
[EventType "swiss (blitz)"]

1. d4 {[%emt 0:00:15]} c6 {[%emt 0:00:00]} 2. Nf3 {[%emt 0:00:04]} d5 {[%emt 0:00:00]} 3. c3 {[%emt 0:00:01]} Nf6 {[%emt 0:00:01]} 4. Bf4 {[%emt 0:00:02]} Bf5 {[%emt 0:00:01]} 5. e3 {[%emt 0:00:01]} e6 {[%emt 0:00:01]} 6. Bd3 {[%emt 0:00:02]} Bxd3 {[%emt 0:00:01]} 7. Qxd3 {[%emt 0:00:01]} Bd6 {[%emt 0:00:00]} 8. Bg3 {[%emt 0:00:02]} Bxg3 {[%emt 0:00:01]} 9. hxg3 {[%emt 0:00:02]} h6 {[%emt 0:00:00]} 10. Nbd2 {[%emt 0:00:02]} Nbd7 {[%emt 0:00:00]} 11. e4 {[%emt 0:00:01]} dxe4 {[%emt 0:00:01]} 12. Nxe4 {[%emt 0:00:02]} Nxe4 {[%emt 0:00:00]} 13. Qxe4 {[%emt 0:00:02]} Nf6 {[%emt 0:00:00]} 14. Qc2 {[%emt 0:00:01]} O-O {[%emt 0:00:01]} 15. Kf1 {[%emt 0:00:01]} Qb6 {[%emt 0:00:03]} 16. Kg1 {[%emt 0:00:02]} c5 {[%emt 0:00:02]} 17. dxc5 {[%emt 0:00:04]} Qxc5 {[%emt 0:00:00]} 18. Re1 {[%emt 0:00:05]} Rad8 {[%emt 0:00:02]} 19. Rh4 {[%emt 0:00:04]} Rd6 {[%emt 0:00:02]} 20. Rd1 {[%emt 0:00:12]} Rfd8 {[%emt 0:00:04]} 21. Rxd6 {[%emt 0:00:02]} Rxd6 {[%emt 0:00:00]} 22. Rd4 {[%emt 0:00:02]} Rxd4 {[%emt 0:00:03]} 23. Nxd4 {[%emt 0:00:02]} Qc4 {[%emt 0:00:05]} 24. a3 {[%emt 0:00:04]} Qa2 {[%emt 0:00:05]} 25. Qc1 {[%emt 0:00:09]} Qd5 {[%emt 0:00:07]} 26. f3 {[%emt 0:00:07]} Qe5 {[%emt 0:00:06]} 27. Kf2 {[%emt 0:00:12]} Nh5 {[%emt 0:00:05]} 28. f4 {[%emt 0:00:12]} Qe4 {[%emt 0:00:09]} 29. Qd2 {[%emt 0:00:15]} Nf6 {[%emt 0:00:04]} 30. Qe2 {[%emt 0:00:04]} Qb1 {[%emt 0:00:08]} 31. Nf3 {[%emt 0:00:15]} Ng4# {[%emt 0:00:06] (Lag: Av=0.45s, max=0.6s)} 0-1

[Event "Stay Safe Play From Home 258"]
[Site "Emanuel Lasker Arena"]
[Date "2020.06.26"]
[Round "1"]
[White "Erdema"]
[Black "Haris kollari 13"]
[Result "0-1"]
[WhiteElo "1605"]
[BlackElo "1941"]
[Annotator "NA"]
[PlyCount "148"]
[EventDate "2020.06.26"]
[EventType "swiss (blitz)"]

1. e4 {[%emt 0:00:06]} e6 {[%emt 0:00:01]} 2. d4 {[%emt 0:00:02]} d5 {[%emt 0:00:01]} 3. exd5 {[%emt 0:00:02]} exd5 {[%emt 0:00:01]} 4. Bd3 {[%emt 0:00:01]} c5 {[%emt 0:00:01]} 5. c3 {[%emt 0:00:04]} Nc6 {[%emt 0:00:01]} 6. Nf3 {[%emt 0:00:03]} Nf6 {[%emt 0:00:01]} 7. h3 {[%emt 0:00:02]} c4 {[%emt 0:00:05]} 8. Bc2 {[%emt 0:00:02]} Bd6 {[%emt 0:00:01]} 9. O-O {[%emt 0:00:02]} Be6 {[%emt 0:00:01]} 10. Re1 {[%emt 0:00:02]} O-O {[%emt 0:00:06]} 11. Ng5 {[%emt 0:00:02]} Re8 {[%emt 0:00:03]} 12. Be3 {[%emt 0:00:04]} Rc8 {[%emt 0:00:03]} 13. Qd2 {[%emt 0:00:02]} Bb8 {[%emt 0:00:06]} 14. Bf4 {[%emt 0:00:03]} Bxf4 {[%emt 0:00:10]} 15. Qxf4 {[%emt 0:00:02]} Qd7 {[%emt 0:00:01]} 16. Nxe6 {[%emt 0:00:04]} Rxe6 {[%emt 0:00:05]} 17. Na3 {[%emt 0:00:07]} Rce8 {[%emt 0:00:02]} 18. Rxe6 {[%emt 0:00:03]} Qxe6 {[%emt 0:00:02]} 19. Qd2 {[%emt 0:00:08]} Qe2 {[%emt 0:00:02]} 20. Rd1 {[%emt 0:00:03]} a6 {[%emt 0:00:01]} 21. Qxe2 {[%emt 0:00:05]} Rxe2 {[%emt 0:00:02]} 22. Kf1 {[%emt 0:00:01]} Re6 {[%emt 0:00:04]} 23. Bf5 {[%emt 0:00:07]} Re7 {[%emt 0:00:02]} 24. Re1 {[%emt 0:00:06]} Kf8 {[%emt 0:00:02]} 25. f3 {[%emt 0:00:13]} g6 {[%emt 0:00:02]} 26. Bc2 {[%emt 0:00:10]} Rxe1+ {[%emt 0:00:03]} 27. Kxe1 {[%emt 0:00:02]} Ke7 {[%emt 0:00:02]} 28. Kf2 {[%emt 0:00:02]} b5 {[%emt 0:00:01]} 29. Nb1 {[%emt 0:00:04]} Nd7 {[%emt 0:00:02]} 30. a3 {[%emt 0:00:02]} a5 {[%emt 0:00:03]} 31. Nd2 {[%emt 0:00:02]} b4 {[%emt 0:00:02]} 32. cxb4 {[%emt 0:00:02]} axb4 {[%emt 0:00:01]} 33. Ke3 {[%emt 0:00:07]} b3 {[%emt 0:00:05]} 34. Bb1 {[%emt 0:00:03]} f5 {[%emt 0:00:01]} 35. g4 {[%emt 0:00:03]} Kf6 {[%emt 0:00:01]} 36. h4 {[%emt 0:00:03]} Nf8 {[%emt 0:00:05]} 37. g5+ {[%emt 0:00:02]} Ke6 {[%emt 0:00:02]} 38. Nf1 {[%emt 0:00:06]} Kd6 {[%emt 0:00:01]} 39. Ng3 {[%emt 0:00:02]} f4+ {[%emt 0:00:05]} 40. Kxf4 {[%emt 0:00:03]} Nxd4 {[%emt 0:00:01]} 41. Ke3 {[%emt 0:00:03]} Nfe6 {[%emt 0:00:06]} 42. f4 {[%emt 0:00:04]} Nc6 {[%emt 0:00:05]} 43. f5 {[%emt 0:00:08]} d4+ {[%emt 0:00:01]} 44. Kd2 {[%emt 0:00:07]} gxf5 {[%emt 0:00:02]} 45. Nxf5+ {[%emt 0:00:03]} Ke5 {[%emt 0:00:01]} 46. Ng3 {[%emt 0:00:21]} Nf8 {[%emt 0:00:01]} 47. h5 {[%emt 0:00:06]} Kf4 {[%emt 0:00:01]} 48. g6 {[%emt 0:00:01]} hxg6 {[%emt 0:00:01]} 49. hxg6 {[%emt 0:00:03]} Nxg6 {[%emt 0:00:03]} 50. Ne2+ {[%emt 0:00:06]} Kg5 {[%emt 0:00:01]} 51. Bxg6 {[%emt 0:00:04]} Kxg6 {[%emt 0:00:01]} 52. Nf4+ {[%emt 0:00:06]} Kf5 {[%emt 0:00:01]} 53. Nd5 {[%emt 0:00:02]} Ke4 {[%emt 0:00:03]} 54. Nf6+ {[%emt 0:00:03]} Ke5 {[%emt 0:00:01]} 55. Nd7+ {[%emt 0:00:02]} Kd6 {[%emt 0:00:02]} 56. Nb6 {[%emt 0:00:02]} Ne5 {[%emt 0:00:01]} 57. a4 {[%emt 0:00:07]} Kc6 {[%emt 0:00:02]} 58. Nc8 {[%emt 0:00:08]} Kc5 {[%emt 0:00:01]} 59. Ne7 {[%emt 0:00:04]} Kb4 {[%emt 0:00:04]} 60. Nf5 {[%emt 0:00:03]} Nc6 {[%emt 0:00:03]} 61. Nd6 {[%emt 0:00:04]} c3+ {[%emt 0:00:01]} 62. bxc3+ {[%emt 0:00:02]} dxc3+ {[%emt 0:00:01]} 63. Kc1 {[%emt 0:00:01]} Kxa4 {[%emt 0:00:03]} 64. Nc4 {[%emt 0:00:03]} Kb4 {[%emt 0:00:01]} 65. Ne3 {[%emt 0:00:03]} Ka3 {[%emt 0:00:02]} 66. Nd5 {[%emt 0:00:05]} c2 {[%emt 0:00:06]} 67. Nc3 {[%emt 0:00:06]} Nd4 {[%emt 0:00:10]} 68. Nb1+ {[%emt 0:00:12]} cxb1=Q+ {[%emt 0:00:04]} 69. Kxb1 {[%emt 0:00:02]} Nb5 {[%emt 0:00:02]} 70. Ka1 {[%emt 0:00:02]} b2+ {[%emt 0:00:01]} 71. Kb1 {[%emt 0:00:02]} Nc3+ {[%emt 0:00:01]} 72. Kc2 {[%emt 0:00:01]} b1=Q+ {[%emt 0:00:01]} 73. Kxc3 {[%emt 0:00:01]} Qb3+ {[%emt 0:00:01]} 74. Kd4 {[%emt 0:00:02]} Qc2 {[%emt 0:00:01] Erdema terk eder (Lag: Av=0.59s, max=1.1s)} 0-1

[Event "Stay Safe Play From Home 258"]
[Site "Emanuel Lasker Arena"]
[Date "2020.06.26"]
[Round "2"]
[White "MarkonY"]
[Black "Haxhi Baha"]
[Result "0-1"]
[WhiteElo "2341"]
[BlackElo "2041"]
[Annotator "TA"]
[PlyCount "50"]
[EventDate "2020.06.26"]
[EventType "swiss (blitz)"]

{[%evp 9,49,32,37,12,17,13,43,31,61,3,9,-14,0,0,21,33,45,44,120,127,120,135,122,92,97,73,74,70,312,316,352,146,261,260,256,241,252,241,259,-29998,-29999,-29999]} 1. d4 d5 2. c4 e5 3. dxe5 d4 4. Nf3 Nc6 5. Bf4 Nge7 6. Nbd2 {D08: Albin Counter Gambit.} Ng6 7. Bg3 Bg4 8. a3 {White is slightly better.} Qe7 9. h3 ({Better is} 9. Qc2 $1 $14) 9... Bf5 $11 10. Qa4 O-O-O 11. O-O-O $1 Kb8 {[%cal Rg6e5]} 12. Nb3 $1 $36 {[%cal Rb3d4][%mdl 2048] White has some pressure.} Bd7 {[#]} 13. c5 $146 ({Predecessor:} 13. e6 fxe6 14. Na5 e5 15. Nxc6+ Bxc6 16. Qc2 Qe8 17. e3 Ba4 18. b3 Bxa3+ 19. Kb1 {1-0 (53) Zlachevskiy,L (2046)-Martynov,A (1960) Sochi 2017}) 13... Ncxe5 (13... Be8 $14) 14. Qxd4 $16 {[%cal Rg3e5]} Nc6 15. Qc3 $1 Be6 16. Rxd8+ Qxd8 17. Nfd4 Nxd4 18. Nxd4 Be7 $2 {[#]} (18... Qg5+ $14 19. e3 Qxc5) 19. Nb5 $1 $18 {[%csl LRc7,LRg7]} Bf6 {[#]} 20. Nxc7 (20. Qa5 $1 $18 {[%cal Rg3c7]} Be5 21. Qxa7+ Kc8 22. Bxe5 Nxe5 23. e3) 20... Kc8 (20... Bxc3 $16 21. Nxe6+ Be5 22. Bxe5+ (22. Nxd8 Rxd8 23. Bxe5+ Nxe5 $18) 22... Nxe5 23. Nxd8 Rxd8) 21. Nxe6 fxe6 22. Qc4 Qd7 23. e3 Rd8 {[%csl Gd8][%cal Rd7d1]} 24. Be2 $4 {[%mdl 8192]} (24. Bd6 $18) 24... Qd2+ {[%mdl 64] Double Attack} 25. Kb1 Qxb2# {Quite a comeback for Black. Accuracy: White = 63%, Black = 60%.} 0-1

[Event "Stay Safe Play From Home 258"]
[Site "Emanuel Lasker Arena"]
[Date "2020.06.26"]
[Round "2"]
[White "Haris kollari 13"]
[Black "Lazieri3"]
[Result "1-0"]
[WhiteElo "1945"]
[BlackElo "2058"]
[Annotator "NA"]
[PlyCount "141"]
[EventDate "2020.06.26"]
[EventType "swiss (blitz)"]

1. e4 {[%emt 0:00:01]} c6 {[%emt 0:00:06]} 2. f4 {[%emt 0:00:01]} d5 {[%emt 0:00:01]} 3. e5 {[%emt 0:00:01]} Bf5 {[%emt 0:00:01]} 4. d4 {[%emt 0:00:02]} e6 {[%emt 0:00:01]} 5. Bd3 {[%emt 0:00:01]} Bxd3 {[%emt 0:00:01]} 6. Qxd3 {[%emt 0:00:01]} c5 {[%emt 0:00:00]} 7. c3 {[%emt 0:00:01]} Nc6 {[%emt 0:00:02]} 8. Be3 {[%emt 0:00:01]} cxd4 {[%emt 0:00:01]} 9. cxd4 {[%emt 0:00:01]} Bb4+ {[%emt 0:00:02]} 10. Nc3 {[%emt 0:00:01]} Nge7 {[%emt 0:00:02]} 11. a3 {[%emt 0:00:05]} Bxc3+ {[%emt 0:00:01]} 12. bxc3 {[%emt 0:00:01]} O-O {[%emt 0:00:05]} 13. Nf3 {[%emt 0:00:01]} Na5 {[%emt 0:00:01]} 14. O-O {[%emt 0:00:04]} Nc4 {[%emt 0:00:01]} 15. Bf2 {[%emt 0:00:03]} Rc8 {[%emt 0:00:04]} 16. a4 {[%emt 0:00:01]} b6 {[%emt 0:00:03]} 17. Rfc1 {[%emt 0:00:03]} Rc7 {[%emt 0:00:03]} 18. g4 {[%emt 0:00:05]} Qd6 {[%emt 0:00:01]} 19. f5 {[%emt 0:00:05]} Qd7 {[%emt 0:00:05] Lazieri3 offers a draw} 20. f6 {[%emt 0:00:18]} Ng6 {[%emt 0:00:10]} 21. fxg7 {[%emt 0:00:07]} Kxg7 {[%emt 0:00:01]} 22. Bg3 {[%emt 0:00:01]} Rfc8 {[%emt 0:00:11]} 23. h4 {[%emt 0:00:03]} Nb2 {[%emt 0:00:06]} 24. Qe3 {[%emt 0:00:04]} Nxa4 {[%emt 0:00:04]} 25. h5 {[%emt 0:00:02]} Rxc3 {[%emt 0:00:05]} 26. Rxc3 {[%emt 0:00:08]} Rxc3 {[%emt 0:00:00]} 27. Qe2 {[%emt 0:00:22]} Ne7 {[%emt 0:00:32]} 28. Bh4 {[%emt 0:00:03]} b5 {[%emt 0:00:09]} 29. Bf6+ {[%emt 0:00:03]} Kf8 {[%emt 0:00:14]} 30. Ng5 {[%emt 0:00:08]} h6 {[%emt 0:00:17]} 31. Nf3 {[%emt 0:00:14]} Ng8 {[%emt 0:00:09]} 32. g5 {[%emt 0:00:02]} Nxf6 {[%emt 0:00:11]} 33. gxf6 {[%emt 0:00:05]} Ke8 {[%emt 0:00:05]} 34. Nh2 {[%emt 0:00:30]} Qc6 {[%emt 0:00:16]} 35. Qg2 {[%emt 0:00:04]} Kd8 {[%emt 0:00:28]} 36. Qg8+ {[%emt 0:00:02]} Qe8 {[%emt 0:00:01]} 37. Qg7 {[%emt 0:00:11]} Qc6 {[%emt 0:00:26]} 38. Nf1 {[%emt 0:00:02]} Qc4 {[%emt 0:00:03]} 39. Qf8+ {[%emt 0:00:03]} Kc7 {[%emt 0:00:01]} 40. Qxf7+ {[%emt 0:00:01]} Kb6 {[%emt 0:00:00]} 41. Qxe6+ {[%emt 0:00:01]} Kb7 {[%emt 0:00:01]} 42. Qd7+ {[%emt 0:00:03]} Kb6 {[%emt 0:00:01]} 43. f7 {[%emt 0:00:07]} Qxd4+ {[%emt 0:00:01]} 44. Kg2 {[%emt 0:00:13]} Rc2+ {[%emt 0:00:01]} 45. Kh3 {[%emt 0:00:07]} Qc3+ {[%emt 0:00:12]} 46. Ng3 {[%emt 0:00:01]} Qxa1 {[%emt 0:00:01]} 47. f8=Q {[%emt 0:00:12]} Ka5 {[%emt 0:00:01]} 48. Qdd8+ {[%emt 0:00:03]} Nb6 {[%emt 0:00:02]} 49. Qf3 {[%emt 0:00:06]} Rc1 {[%emt 0:00:02]} 50. Qfxd5 {[%emt 0:00:04]} Qc3 {[%emt 0:00:03]} 51. Q8d6 {[%emt 0:00:17]} Rc2 {[%emt 0:00:03]} 52. Qd4 {[%emt 0:00:06]} Qxd4 {[%emt 0:00:01]} 53. Qxd4 {[%emt 0:00:01]} b4 {[%emt 0:00:01]} 54. e6 {[%emt 0:00:01]} b3 {[%emt 0:00:01]} 55. e7 {[%emt 0:00:01]} b2 {[%emt 0:00:00]} 56. Qe5+ {[%emt 0:00:08]} Ka4 {[%emt 0:00:02]} 57. e8=Q+ {[%emt 0:00:01]} Kb3 {[%emt 0:00:01]} 58. Q8b5+ {[%emt 0:00:02]} Ka2 {[%emt 0:00:01]} 59. Qa6+ {[%emt 0:00:01]} Kb3 {[%emt 0:00:01]} 60. Qeb5+ {[%emt 0:00:02]} Kc3 {[%emt 0:00:01]} 61. Qxa7 {[%emt 0:00:01]} b1=Q {[%emt 0:00:01]} 62. Qxb1 {[%emt 0:00:01]} Nc4 {[%emt 0:00:02]} 63. Qxc2+ {[%emt 0:00:06]} Kxc2 {[%emt 0:00:01]} 64. Qd4 {[%emt 0:00:02]} Kb3 {[%emt 0:00:01]} 65. Qd3+ {[%emt 0:00:02]} Kb4 {[%emt 0:00:01]} 66. Qg6 {[%emt 0:00:01]} Kc5 {[%emt 0:00:04]} 67. Qxh6 {[%emt 0:00:01]} Ne5 {[%emt 0:00:01]} 68. Qg7 {[%emt 0:00:02]} Kd5 {[%emt 0:00:01]} 69. h6 {[%emt 0:00:01]} Nf3 {[%emt 0:00:02]} 70. h7 {[%emt 0:00:01]} Ng1+ {[%emt 0:00:01]} 71. Kg2 {[%emt 0:00:01] Time (Lag: Av=0.75s, max=1.1s)} 1-0

[Event "Stay Safe Play From Home 258"]
[Site "Emanuel Lasker Arena"]
[Date "2020.06.26"]
[Round "2"]
[White "Chase the sun"]
[Black "Dukic"]
[Result "0-1"]
[WhiteElo "1817"]
[BlackElo "1935"]
[PlyCount "42"]
[EventDate "2020.06.26"]
[EventType "swiss (blitz)"]

1. e4 {[%emt 0:00:07]} c6 {[%emt 0:00:01]} 2. d4 {[%emt 0:00:02]} d6 {[%emt 0:00:01]} 3. f4 {[%emt 0:00:00]} Nd7 {[%emt 0:00:02]} 4. Nf3 {[%emt 0:00:00]} Qc7 {[%emt 0:00:01]} 5. Bc4 {[%emt 0:00:00]} b5 {[%emt 0:00:11]} 6. Bb3 {[%emt 0:00:10]} e6 {[%emt 0:00:03]} 7. O-O {[%emt 0:00:02]} Bb7 {[%emt 0:00:01]} 8. c3 {[%emt 0:00:07]} c5 {[%emt 0:00:03]} 9. f5 {[%emt 0:00:05]} e5 {[%emt 0:00:07]} 10. Ng5 {[%emt 0:00:06]} c4 {[%emt 0:00:10]} 11. Bc2 {[%emt 0:00:04]} Ngf6 {[%emt 0:00:02]} 12. Nd2 {[%emt 0:00:03]} h6 {[%emt 0:00:07]} 13. Nh3 {[%emt 0:00:03]} exd4 {[%emt 0:00:34]} 14. cxd4 {[%emt 0:00:03]} Be7 {[%emt 0:00:15]} 15. Qe2 {[%emt 0:00:03]} O-O {[%emt 0:00:04]} 16. g4 {[%emt 0:00:05]} Rfe8 {[%emt 0:00:02]} 17. g5 {[%emt 0:00:03]} hxg5 {[%emt 0:00:02]} 18. Nxg5 {[%emt 0:00:00]} Qb6 {[%emt 0:00:19]} 19. Ndf3 {[%emt 0:00:05]} Bf8 {[%emt 0:00:22]} 20. e5 {[%emt 0:00:02]} dxe5 {[%emt 0:00:05]} 21. Be3 {[%emt 0:00:04]} exd4 {[%emt 0:00:02] Chase the sun gibt auf (Lag: Av=0.42s, max=0.8s)} 0-1

[Event "Stay Safe Play From Home 258"]
[Site "Emanuel Lasker Arena"]
[Date "2020.06.26"]
[Round "2"]
[White "Timbre"]
[Black "Erdema"]
[Result "0-1"]
[WhiteElo "1636"]
[BlackElo "1601"]
[Annotator "NA"]
[PlyCount "100"]
[EventDate "2020.06.26"]
[EventType "swiss (blitz)"]

1. d4 {[%emt 0:00:02]} d5 {[%emt 0:00:03]} 2. Nf3 {[%emt 0:00:01]} Nc6 {[%emt 0:00:02]} 3. c3 {[%emt 0:00:01]} h6 {[%emt 0:00:02]} 4. Bf4 {[%emt 0:00:02]} e6 {[%emt 0:00:01]} 5. e3 {[%emt 0:00:01]} Bd6 {[%emt 0:00:02]} 6. Bg3 {[%emt 0:00:02]} Nf6 {[%emt 0:00:02]} 7. Bd3 {[%emt 0:00:02]} O-O {[%emt 0:00:04]} 8. Qe2 {[%emt 0:00:01]} Re8 {[%emt 0:00:02]} 9. Nbd2 {[%emt 0:00:03]} e5 {[%emt 0:00:03]} 10. dxe5 {[%emt 0:00:02]} Nxe5 {[%emt 0:00:02]} 11. Nxe5 {[%emt 0:00:01]} Bxe5 {[%emt 0:00:01]} 12. Nf3 {[%emt 0:00:01]} Bd6 {[%emt 0:00:03]} 13. O-O {[%emt 0:00:01]} c6 {[%emt 0:00:02]} 14. Qc2 {[%emt 0:00:03]} Bg4 {[%emt 0:00:04]} 15. Be2 {[%emt 0:00:02]} Qc7 {[%emt 0:00:03]} 16. Nd4 {[%emt 0:00:04]} Bxe2 {[%emt 0:00:05]} 17. Qxe2 {[%emt 0:00:02]} Ne4 {[%emt 0:00:02]} 18. Qc2 {[%emt 0:00:02]} a6 {[%emt 0:00:09]} 19. a3 {[%emt 0:00:05]} c5 {[%emt 0:00:04]} 20. Nf3 {[%emt 0:00:07]} Nxg3 {[%emt 0:00:04]} 21. hxg3 {[%emt 0:00:02]} Rad8 {[%emt 0:00:09]} 22. Rad1 {[%emt 0:00:03]} Be5 {[%emt 0:00:04]} 23. Nxe5 {[%emt 0:00:07]} Rxe5 {[%emt 0:00:04]} 24. c4 {[%emt 0:00:03]} d4 {[%emt 0:00:07]} 25. exd4 {[%emt 0:00:03]} Rxd4 {[%emt 0:00:02]} 26. Rde1 {[%emt 0:00:11]} Rxe1 {[%emt 0:00:04]} 27. Rxe1 {[%emt 0:00:03]} Rd8 {[%emt 0:00:02]} 28. b3 {[%emt 0:00:03]} Qd6 {[%emt 0:00:04]} 29. Qe4 {[%emt 0:00:14]} b5 {[%emt 0:00:27]} 30. Re3 {[%emt 0:00:19]} bxc4 {[%emt 0:00:05]} 31. Qxc4 {[%emt 0:00:07]} a5 {[%emt 0:00:14]} 32. Rf3 {[%emt 0:00:06]} Qd5 {[%emt 0:00:06]} 33. Qb5 {[%emt 0:00:13]} Qd1+ {[%emt 0:00:12]} 34. Kh2 {[%emt 0:00:04]} Qd5 {[%emt 0:00:06]} 35. Rf4 {[%emt 0:00:09]} Qh5+ {[%emt 0:00:11]} 36. Rh4 {[%emt 0:00:03]} Qf5 {[%emt 0:00:09]} 37. Qxa5 {[%emt 0:00:03]} Rd2 {[%emt 0:00:12]} 38. Rf4 {[%emt 0:00:12]} Qh5+ {[%emt 0:00:05]} 39. Rh4 {[%emt 0:00:06]} Qe2 {[%emt 0:00:04]} 40. Rf4 {[%emt 0:00:16]} Qh5+ {[%emt 0:00:07]} 41. Rh4 {[%emt 0:00:02]} Qd5 {[%emt 0:00:07]} 42. Qb5 {[%emt 0:00:11]} Rxf2 {[%emt 0:00:04]} 43. Qe8+ {[%emt 0:00:02]} Kh7 {[%emt 0:00:02]} 44. Re4 {[%emt 0:00:12]} Qd2 {[%emt 0:00:07]} 45. Kh3 {[%emt 0:00:08]} Rxg2 {[%emt 0:00:02]} 46. Qe5 {[%emt 0:00:13]} Rh2+ {[%emt 0:00:05]} 47. Kg4 {[%emt 0:00:03]} h5+ {[%emt 0:00:22]} 48. Kf5 {[%emt 0:00:21]} Qd7+ {[%emt 0:00:08]} 49. Kf4 {[%emt 0:00:06]} Rf2+ {[%emt 0:00:02]} 50. Ke3 {[%emt 0:00:02]} Qd2# {[%emt 0:00:02] (Lag: Av=0.44s, max=0.8s)} 0-1

[Event "Stay Safe Play From Home 258"]
[Site "Emanuel Lasker Arena"]
[Date "2020.06.26"]
[Round "2"]
[White "Rakeshkul"]
[Black "Edmatuag"]
[Result "0-1"]
[WhiteElo "1634"]
[BlackElo "1740"]
[Annotator "NA"]
[PlyCount "42"]
[EventDate "2020.06.26"]
[EventType "swiss (blitz)"]

1. e4 {[%emt 0:00:04]} e5 {[%emt 0:00:02]} 2. Nf3 {[%emt 0:00:01]} Nc6 {[%emt 0:00:01]} 3. Bb5 {[%emt 0:00:04]} a6 {[%emt 0:00:02]} 4. Ba4 {[%emt 0:00:02]} Nf6 {[%emt 0:00:02]} 5. O-O {[%emt 0:00:05]} Be7 {[%emt 0:00:02]} 6. Re1 {[%emt 0:00:02]} d6 {[%emt 0:00:01]} 7. h3 {[%emt 0:00:03]} O-O {[%emt 0:00:02]} 8. d3 {[%emt 0:00:00]} h6 {[%emt 0:00:02]} 9. c3 {[%emt 0:00:01]} Nb8 {[%emt 0:00:33]} 10. Nbd2 {[%emt 0:00:06]} c6 {[%emt 0:00:05]} 11. Nf1 {[%emt 0:00:06]} Qc7 {[%emt 0:00:08]} 12. Ng3 {[%emt 0:00:02]} Be6 {[%emt 0:00:10]} 13. Bd2 {[%emt 0:00:01]} Nbd7 {[%emt 0:00:06]} 14. Qc1 {[%emt 0:00:01]} Nh7 {[%emt 0:00:10]} 15. Bxh6 {[%emt 0:00:02]} gxh6 {[%emt 0:00:02]} 16. Qxh6 {[%emt 0:00:02]} Kh8 {[%emt 0:00:06]} 17. Nh5 {[%emt 0:00:03]} Rg8 {[%emt 0:00:05]} 18. Nh4 {[%emt 0:00:23]} Bxh3 {[%emt 0:00:07]} 19. Nf5 {[%emt 0:00:07]} Bxf5 {[%emt 0:00:04]} 20. exf5 {[%emt 0:00:00]} Bg5 {[%emt 0:00:04]} 21. Qxg5 {[%emt 0:00:33]} Nxg5 {[%emt 0:00:01] Rakeshkul offers a draw Rakeshkul resigns (Lag: Av=0.83s, max=1.5s)} 0-1